• 首页
  • 本馆介绍
  • 公告通知
  • 最新文献
  • 馆藏检索
  • 电子资源
  • 读者导购
  • 参考咨询
  • 我的图书馆
  • 登录
  • 详细信息显示
  • 放入我的书架
  • 预约/预借图书
  • 作者相关作品
  • 分类相关作品
  • 丛书相关作品
  • 出版社相关作品

书目信息

  • 表格格式
  • 工作单格式
  • 卡片格式
题名:
王子霖古籍版本学文集
    
 
作者: 王雨 著
分册:  
出版信息: 上海   上海古籍出版社  2006.10
页数: 209页
开本: 24cm
丛书名:
单 册:
中图分类: G256.22
科图分类:
主题词:
电子资源:
ISBN: 978-7-5325-4183-6
000 00542nam0 2200169 450
001 202410229943154451
005 20241022161204.42
010    @a978-7-5325-4183-6@d¥98.00
100    @a20241022d km y0chiy0120 ea
101 0  @achi
200 1  @a王子霖古籍版本学文集@AWang Zi Lin Gu Ji Ban Ben Xue Wen Ji@f王雨著@FWang Yu Zhu
210    @a上海@c上海古籍出版社@d2006.10
215    @a209页@d24cm
690    @aG256.22@v4
701  0 @a王雨@AWang Yu@4著
801  0 @aCN@b大连网信软件有限公司图书馆·11@c20241022
905    @aZUCC@b7509979@dG256.22@e136@f1
    
    王子霖古籍版本学文集/王雨著.-上海:上海古籍出版社,2006.10
    209页;24cm
    
    
    ISBN 978-7-5325-4183-6:¥98.00
    
●
相关链接 在E读中查询图书 在五车中查询图书 在当当中查询图书 在豆瓣中查询图书


正题名:王子霖古籍版本学文集     索取号:G256.22/136         预约/预借

序号 登录号 条形码 馆藏地/架位号 状态 备注
1 7509979   275099796   密集书库-史法系/ [索取号:G256.22/136] 在馆    
唐山师范学院图书馆 欢迎您!
大连网信软件有限公司© 版权所有